| 000 | 00676nam a22002537a 4500 | ||
|---|---|---|---|
| 003 | OSt | ||
| 008 | 150515b xxu||||| |||| 00| 0 eng d | ||
| 100 | 1 | _aLindquist, H. L. | |
| 041 | _aeng | ||
| 050 | 0 | 0 | _a383.2135S |
| 245 | 1 | 0 | _aThe Stamp Specialist |
| 246 | 1 | 0 | _aCoral Book (Number 15) |
| 260 |
_aNew York, NY _bH. L. Lindquist |
||
| 300 | _a128 pages | ||
| 650 | 0 | _aGeneral | |
| 650 | 0 | _aOverrun Nations | |
| 650 | 0 | _aPoland Postal Stationery | |
| 650 | 0 | _aPeru Postal History | |
| 650 | 0 | _aRussian Zemstvos | |
| 650 | 0 | _aNorway Unlisted 1882-83 Issue | |
| 650 | 0 | _aPhiladelphia's Part in US Civil War | |
| 650 | 0 | _aBrasil | |
| 650 | 0 | _aBrazil Postal Forgeries | |
| 999 |
_c1488 _d1488 |
||